000 02138nam0a2200385 4500
001 RU\NLR\BIBL_A\010585268
005 20171117084916.0
010 _a978-5-4365-0129-1
_91000
021 _aRU
_b2014-86802
_95282
035 _a(NLR Aleph) 010585268
035 _a(NILC)RuMoRGB-007825811
090 _a10479580
_c10479580
100 _a20150115d2014 um y0rusy50 ca
101 0 _arus
102 _aRU
105 _aab||j|||000yy
200 1 _aГеография туризма
_eучебник для обучения студентов вузов по направлениям подготовки "Сервис", "Туризм", "Гостиничное дело", ["Рекреация и спортивно-оздоровительный туризм", "География", "Экология и природопользование"]
_fВ.И. Кружалин, Н.С. Мироненко, Н.В. Зигерн-Корн, Н.В. Шабалина
210 _aМосква
_cФедеральное агентство по туризму
_d2014
215 _a328 с.
_cил., карт.
_d22
225 1 _aБакалавр
320 _aБиблиогр.: с. 322-328 (116 назв.)
606 1 _aГеография туризма
_jУчебники для высших учебных заведений
_2nlr_sh2
_3RU\NLR\AUTH\6601623035
606 1 _aТуризм
_yРоссийская Федерация
_jУчебники для высших учебных заведений
_2nlr_sh1
_2nlr_sh2
_3RU\NLR\AUTH\661111744
686 1 _aЧ518.14(0)я73-1
686 1 _aЧ518.14(2Р)я73-1
701 1 _aКружалин
_bВ. И.
_f1950-
_gВиктор Иванович
_3RU\NLR\AUTH\771668
701 1 _aМироненко
_bН. С.
_gНиколай Семенович
701 1 _aЗигерн-Корн
_bН. В.
_gНаталия Всеволодовна
701 1 _aШабалина
_bН. В.
_gНаталия Владимировна
801 0 _aRU
_bРГБ
_c20141119
_gRCR
942 _cBOOK
980 _aNBR
980 _aNB